Score 0/27 Timer 03:00
0 Plays Today
% Correct
Warm
96.3%
sun,
96.3%
Warm
96.3%
summer
92.6%
here,
33.3%
here.
33.3%
Good
33.3%
night,
33.3%
good
33.3%
night,
33.3%
good
33.3%
night.
33.3%
Green
29.6%
dear
29.6%
% Correct
shine
25.9%
Southern
25.9%
wind,
25.9%
blow
25.9%
sod
25.9%
above,
25.9%
lie
25.9%
light,
25.9%
lie
25.9%
light.
25.9%
kindly
22.2%
softly
22.2%
heart;
22.2%
Remove Ads.
Support Sporcle.
Get the best of Sporcle when you Go Orange. This ad-free experience offers more features, more stats, and more fun while also helping to support Sporcle. Thank you for becoming a member.

You're not logged in!

Compare scores with friends on all Sporcle quizzes.
OR
Log In

Show Comments

Extras

Top Quizzes Today


Score Distribution

Your Account Isn't Verified!

In order to create a playlist on Sporcle, you need to verify the email address you used during registration. Go to your Sporcle Settings to finish the process.

Report this User

Report this user for behavior that violates our Community Guidelines.

Details: